Global Monitoring Report

Detalles Bibliográficos
Formato: Revista
Lenguaje:inglés
Publicado: Washington, DC : The International Bank for Reconstruction and Development, The World Bank, 1944-
Materias:
Acceso en línea:http://www.vlex.com/source/7198

MARC

LEADER 00000nas a22000007a 4500
005 20130319184658.0
007 cr|||| ||||
008 130319c19449999xxu u|p s|||| 0|||a1eng d
022 |a 15551644  
035 |a 7198 
040 |a vLex 
090 |c 3965  |d 3965 
245 0 0 |a Global Monitoring Report  |h [Recurso electrn̤ico]  
256 |a Servicio en ln̕ea 
260 |a Washington, DC :   |b The International Bank for Reconstruction and Development, The World Bank,  |c 1944- 
300 |a 1 Recurso electrn̤ico 
506 |d vLex Global  |d vLex Global (Academic Edition, excluding Law Schools)  |d vLex Global (U.S. Academic Edition, Law Schools)  |d vLex Global (U.S. Academic Edition, excluding Law Schools)  |d vLex Global (Academic Edition, Law Schools) 
650 0 4 |a Economa̕  |v Revistas 
740 |a vLex Revistas (Servicio en ln̕ea) 
856 |a Acceso restringido  |u http://www.vlex.com/source/7198 
942 |c REV 
999 0 |a Economics